[Event "NATO-ch 32nd"]
[Site "Tartu"]
[Date "2022.06.28"]
[Round "3"]
[White "Kedzierski, Slawomir"]
[Black "Tikerpuu, Mati"]
[Result "1-0"]
[WhiteElo "2133"]
[BlackElo "1819"]
[PlyCount "97"]
[EventDate "2022.06.27"]
[EventType "swiss"]
[EventRounds "7"]
[EventCountry "EST"]
[SourceTitle "CBM 209 Extra"]
[Source "ChessBase"]
[SourceDate "2022.09.30"]
[SourceVersion "1"]
[SourceVersionDate "2022.09.30"]
[SourceQuality "1"]

1. d4 e6 2. Nf3 b6 3. e4 Bb7 4. Bd3 c5 5. c3 cxd4 6. cxd4 Bb4+ 7. Nbd2 Nf6 8. Qe2 0-0 9. 0-0 Bxd2 10. Bxd2 h6 11. Bb4 d6 12. Rad1 Re8 13. Rfe1 a5 14. Bd2 Ba6 15. Rc1 d5 16. e5 Ne4 17. Rc2 Bxd3 18. Qxd3 Na6 19. a3 Rc8 20. Rec1 Rxc2 21. Qxc2 Kf8 22. Be3 Re7 23. Qd3 Nb8 24. Ne1 Kg8 25. Qb5 Kf8 26. h4 Rb7 27. g3 g5 28. hxg5 hxg5 29. Kg2 g4 30. Qe2 f5 31. exf6 Nxf6 32. Bg5 Kf7 33. Bxf6 Qxf6 34. Qxg4 Nd7 35. Nf3 Ke7 36. Rc6 Nb8 37. Rc3 Kd6 38. Ne5 Rg7 39. Qe2 Qh4 40. Nf3 Qe4 41. Re3 Qf5 42. Nh4 Qf6 43. Nf3 Nc6 44. Qb5 Nxd4 45. Qxb6+ Nc6 46. Ne5 Rc7 47. b4 axb4 48. axb4 Qd8 49. Qc5# 1-0

[Event "NATO-ch 31st"]
[Site "Blankenberge"]
[Date "2021.10.14"]
[Round "5.13"]
[White "Kedzierski, Slawomir"]
[Black "Nielsen, Jan Mose"]
[Result "0-1"]
[WhiteElo "2166"]
[BlackElo "1981"]
[PlyCount "116"]
[EventDate "2021.10.11"]
[EventType "team-swiss"]
[EventRounds "7"]
[EventCountry "BEL"]
[SourceTitle "CBM 204 Extra"]
[Source "ChessBase"]
[SourceDate "2021.11.30"]
[SourceVersion "1"]
[SourceVersionDate "2021.11.30"]
[SourceQuality "1"]
[WhiteTeam "NATO II"]
[BlackTeam "Denmark"]
[BlackTeamCountry "DEN"]

1. d4 Nf6 2. Nf3 d5 3. c4 c6 4. Nc3 e6 5. e3 Nbd7 6. Bd3 a6 7. a4 a5 8. 0-0 Bb4 9. Bd2 0-0 10. Qc2 h6 11. Rfe1 dxc4 12. Bxc4 c5 13. Rad1 b6 14. dxc5 Bxc5 15. Nb5 Bb7 16. Bc3 Qe7 17. Ne5 Rfd8 18. Nd3 Nd5 19. Bxd5 exd5 20. Nf4 Nf6 21. Qf5 Ne4 22. Nxd5 Bxd5 23. Rxd5 Rxd5 24. Qxd5 Rd8 25. Qe5 Qxe5 26. Bxe5 Rd2 27. h3 f6 28. Bd4 Bxd4 29. exd4 Nxf2 30. b3 Nd3 31. Re3 Nf4 32. g4 Kh7 33. h4 Rg2+ 34. Kf1 Rxg4 35. h5 Rg5 36. Re4 Nd5 37. Rh4 Rg3 38. Nd6 Rxb3 39. Kf2 Rc3 40. Nf5 g6 41. hxg6+ Kxg6 42. Nxh6 Ra3 43. Ng8 Rxa4 44. Rh1 Rxd4 45. Rb1 Kf5 46. Rb5 Ke4 47. Nxf6+ Nxf6 48. Rxb6 Nd5 49. Ra6 a4 50. Ke2 Nc3+ 51. Ke1 Kd3 52. Ra8 Kc2 53. Kf2 Rb4 54. Ke3 Kb2 55. Kd3 a3 56. Rc8 a2 57. Rxc3 Rb3 58. Rxb3+ Kxb3 0-1

[Event "NATO-ch 31st"]
[Site "Blankenberge"]
[Date "2021.10.11"]
[Round "1.20"]
[White "Kedzierski, Slawomir"]
[Black "Bublys, Vaidotas"]
[Result "1-0"]
[WhiteElo "2166"]
[BlackElo "1838"]
[PlyCount "127"]
[EventDate "2021.10.11"]
[EventType "team-swiss"]
[EventRounds "7"]
[EventCountry "BEL"]
[SourceTitle "CBM 204 Extra"]
[Source "ChessBase"]
[SourceDate "2021.11.30"]
[SourceVersion "1"]
[SourceVersionDate "2021.11.30"]
[SourceQuality "1"]
[WhiteTeam "NATO II"]
[BlackTeam "Lithuania"]
[BlackTeamCountry "LTU"]

1. d4 d5 2. c4 e6 3. Nc3 Nf6 4. Bg5 Be7 5. e3 Nbd7 6. Nf3 0-0 7. Rc1 c6 8. Qc2 Re8 9. a3 a6 10. h3 dxc4 11. Bxc4 Nd5 12. Bf4 Nxf4 13. exf4 h6 14. 0-0 Nf6 15. Rfd1 Qc7 16. g3 c5 17. dxc5 Qxc5 18. Ne5 b5 19. Ba2 Bb7 20. Qe2 Rac8 21. f5 Bd6 22. fxe6 fxe6 23. Nd3 Qc6 24. Nd5 exd5 25. Rxc6 Rxe2 26. Rxd6 Rf8 27. Kf1 Rc2 28. Bb3 Rc6 29. Rxc6 Bxc6 30. Nb4 Bb7 31. Nxd5 Bxd5 32. Bxd5+ Nxd5 33. Rxd5 Rf6 34. Rd7 Kh7 35. Ke2 Kg6 36. f4 Re6+ 37. Kf3 Rc6 38. Ra7 Kf6 39. Kg4 Rd6 40. h4 Kg6 41. h5+ Kf6 42. Kf3 Rb6 43. Ke4 b4 44. a4 b3 45. Kd5 g5 46. hxg6 Kxg6 47. g4 Kf6 48. Rh7 Kg6 49. Rc7 Rb4 50. Rc6+ Kg7 51. Rc4 Rb6 52. Rc7+ Kg8 53. Rc6 Rb4 54. Ke5 h5 55. gxh5 Rxa4 56. Rb6 Ra5+ 57. Kf6 Rxh5 58. Kg6 Rb5 59. Rxa6 Kf8 60. f5 Rb4 61. Ra8+ Ke7 62. f6+ Ke6 63. Re8+ Kd7 64. f7 1-0

[Event "BEL-chT 1920"]
[Site "Belgium"]
[Date "2019.12.01"]
[Round "5.6"]
[White "Kedzierski, Slawomir"]
[Black "Dardha, Arben"]
[Result "0-1"]
[WhiteElo "2163"]
[BlackElo "2286"]
[PlyCount "84"]
[EventDate "2019.09.29"]
[EventType "team-tourn"]
[EventRounds "11"]
[EventCountry "BEL"]
[SourceTitle "CBM 195 Extra"]
[Source "ChessBase"]
[SourceDate "2020.05.31"]
[SourceVersion "1"]
[SourceVersionDate "2020.05.31"]
[SourceQuality "1"]
[WhiteTeam "Europchess"]
[BlackTeam "Fontaine"]
[WhiteTeamCountry "BEL"]
[BlackTeamCountry "BEL"]

1. d4 Nf6 2. Nf3 e6 3. c4 d5 4. Nc3 c5 5. cxd5 Nxd5 6. e4 Nxc3 7. bxc3 cxd4 8. cxd4 Bb4+ 9. Bd2 Bxd2+ 10. Qxd2 0-0 11. Bc4 Nd7 12. 0-0 b6 13. Rfe1 Bb7 14. Rad1 Rc8 15. Bd3 Re8 16. Qf4 Qf6 17. Qg3 h6 18. e5 Qe7 19. Nd2 Bd5 20. Bb1 Qg5 21. Qxg5 hxg5 22. Rc1 Red8 23. Be4 Nf8 24. Bxd5 exd5 25. Nf1 Ne6 26. Rxc8 Rxc8 27. Ne3 Nxd4 28. Nxd5 Rc5 29. Nb4 Nc2 30. Nxc2 Rxc2 31. g3 Rxa2 32. e6 fxe6 33. Rxe6 Kf7 34. Rd6 b5 35. Rd5 b4 36. Rxg5 b3 37. Rb5 b2 38. Kg2 a5 39. Kf3 a4 40. Ke4 a3 41. Kf5 Ra1 42. Rb7+ Ke8 0-1

[Event "BEL-chT 1920"]
[Site "Belgium"]
[Date "2019.09.29"]
[Round "1.8"]
[White "De Spiegelaere, Chris"]
[Black "Kedzierski, Slawomir"]
[Result "0-1"]
[WhiteElo "1703"]
[BlackElo "2163"]
[PlyCount "92"]
[EventDate "2019.09.29"]
[EventType "team-tourn"]
[EventRounds "11"]
[EventCountry "BEL"]
[SourceTitle "CBM 195 Extra"]
[Source "ChessBase"]
[SourceDate "2020.05.31"]
[SourceVersion "1"]
[SourceVersionDate "2020.05.31"]
[SourceQuality "1"]
[WhiteTeam "KBSK Brugge"]
[BlackTeam "Europchess"]
[WhiteTeamCountry "BEL"]
[BlackTeamCountry "BEL"]

1. c4 e6 2. g3 d5 3. Bg2 c6 4. Nf3 Nf6 5. 0-0 Bd6 6. b3 Qe7 7. Bb2 Nbd7 8. d3 0-0 9. Nbd2 e5 10. cxd5 cxd5 11. e4 d4 12. Nc4 Bc5 13. Qc2 Ne8 14. Rac1 b6 15. a3 a5 16. Ra1 Bb7 17. Bc1 b5 18. Ncd2 Rc8 19. Qd1 Nc7 20. Bh3 Ne6 21. a4 bxa4 22. bxa4 Ba6 23. Nb3 Bb4 24. Bb2 Rc6 25. Qe2 Ndc5 26. Nxc5 Nxc5 27. Rfd1 Qc7 28. Ba3 Rb8 29. Bf1 Nxa4 30. Bxb4 Rxb4 31. Rd2 Nc3 32. Qe1 a4 33. Rc2 Bc8 34. Nd2 Be6 35. Nb1 Bb3 36. Rb2 g6 37. Nd2 Rbb6 38. Kg2 Be6 39. Rxb6 Rxb6 40. Qc1 Qd6 41. f4 exf4 42. Nc4 Bxc4 43. dxc4 fxg3 44. hxg3 Nxe4 45. Ra3 Rb3 46. Rxb3 axb3 0-1

[Event "Mazowiec-chT 1819"]
[Site "Warsaw"]
[Date "2019.02.17"]
[Round "4.1"]
[White "Kedzierski, Slawomir"]
[Black "Maj, Pawel1111"]
[Result "0-1"]
[WhiteElo "2144"]
[BlackElo "2096"]
[PlyCount "68"]
[EventDate "2018.12.02"]
[EventType "team-tourn"]
[EventRounds "7"]
[EventCountry "POL"]
[SourceTitle "EXT 2020"]
[Source "ChessBase"]
[SourceDate "2019.10.17"]
[SourceVersion "1"]
[SourceVersionDate "2019.10.17"]
[SourceQuality "1"]

1. d4 Nf6 2. Nf3 g6 3. c4 Bg7 4. Nc3 0-0 5. e4 d6 6. Be2 e5 7. d5 a5 8. 0-0 Na6 9. Ne1 Nc5 10. f3 Nh5 11. g3 f5 12. exf5 gxf5 13. f4 Nf6 14. Nf3 Nfe4 15. fxe5 Nxc3 16. bxc3 dxe5 17. Be3 b6 18. Rc1 Qd6 19. Nd2 a4 20. Nb1 f4 21. Bf2 Bh3 22. Re1 Ne4 23. Bg4 Nxf2 24. Kxf2 Qc5+ 25. Kf3 Bxg4+ 26. Kxg4 Qxc4 27. Qe2 Qxd5 28. Qe4 Qe6+ 29. Kf3 Qh3 30. Ke2 Qxh2+ 31. Kd3 Rfd8+ 32. Kc4 Qxa2+ 33. Kb5 Ra5+ 34. Kc6 Qe6+ 0-1

[Event "NATO-ch 29th"]
[Site "Lubbock"]
[Date "2018.06.08"]
[Round "7"]
[White "Kedzierski, Slawomir"]
[Black "Schott, Guido"]
[Result "1-0"]
[WhiteElo "2146"]
[BlackElo "2127"]
[PlyCount "59"]
[EventDate "2018.06.04"]
[EventType "swiss"]
[EventRounds "7"]
[EventCountry "USA"]
[SourceTitle "EXT 2019"]
[Source "ChessBase"]
[SourceDate "2018.10.10"]
[SourceVersion "1"]
[SourceVersionDate "2018.10.10"]
[SourceQuality "1"]

1. d4 d6 2. c4 Nf6 3. Nf3 Bf5 4. Nc3 Nbd7 5. Nh4 Bg6 6. Nxg6 hxg6 7. g3 c6 8. Bg2 e5 9. 0-0 Be7 10. b3 Qc7 11. Bb2 0-0-0 12. a4 Ng4 13. h3 Nh6 14. a5 Nf5 15. e3 exd4 16. exd4 Bf6 17. Ne4 Kb8 18. b4 Rde8 19. a6 b6 20. b5 c5 21. Qf3 Kc8 22. Nxf6 gxf6 23. dxc5 dxc5 24. Rfd1 Re6 25. Qb7+ Qxb7 26. axb7+ Kc7 27. b8Q+ Nxb8 28. Rxa7+ Kc8 29. Bb7+ Kc7 30. Ba6# 1-0

[Event "NATO-ch 29th"]
[Site "Lubbock"]
[Date "2018.06.07"]
[Round "6"]
[White "Werksma, Arie"]
[Black "Kedzierski, Slawomir"]
[Result "1-0"]
[WhiteElo "2199"]
[BlackElo "2146"]
[PlyCount "177"]
[EventDate "2018.06.04"]
[EventType "swiss"]
[EventRounds "7"]
[EventCountry "USA"]
[SourceTitle "EXT 2019"]
[Source "ChessBase"]
[SourceDate "2018.10.10"]
[SourceVersion "1"]
[SourceVersionDate "2018.10.10"]
[SourceQuality "1"]

1. Nf3 Nf6 2. b3 d5 3. Bb2 e6 4. e3 c5 5. d4 Nc6 6. Bd3 Be7 7. 0-0 0-0 8. a3 b6 9. Nbd2 Bb7 10. Qe2 Rc8 11. Rfd1 cxd4 12. exd4 Qc7 13. Rac1 Rfd8 14. c4 dxc4 15. bxc4 g6 16. Ne4 Na5 17. Neg5 Ng4 18. Nxe6 Bxf3 19. Nxc7 Bxe2 20. Bxe2 Rxc7 21. Bxg4 Rxc4 22. Be2 Rxc1 23. Bxc1 Bd6 24. a4 Rc8 25. Bh6 Bf8 26. Bf4 Rd8 27. d5 Nb7 28. Bb5 Nd6 29. Bc6 h6 30. g3 Kg7 31. Be5+ f6 32. Ba1 Kf7 33. Re1 Be7 34. Kg2 Nc4 35. Bc3 Bd6 36. f4 Be7 37. Kf3 Nd6 38. Re2 Nf5 39. Re1 Bc5 40. Re4 Be7 41. g4 Nd6 42. Re1 Nc4 43. Re2 Nd6 44. Ra2 Nc4 45. h3 Bc5 46. Re2 Be7 47. Ke4 Nd6+ 48. Kd3 Rh8 49. Bd7 Rb8 50. Rb2 Nb7 51. Bc6 Nc5+ 52. Kc4 Ne4 53. Bd4 Nd6+ 54. Kd3 Bd8 55. a5 Bc7 56. a6 Nc8 57. Ke4 Nd6+ 58. Kf3 Nc8 59. Bd7 Bd8 60. h4 Be7 61. Be6+ Ke8 62. Rc2 Nd6 63. Be3 Kd8 64. f5 g5 65. hxg5 hxg5 66. Rh2 Nc4 67. Bd4 Kc7 68. Rc2 b5 69. d6+ Kxd6 70. Bxc4 bxc4 71. Rxc4 Rb3+ 72. Ke2 Kd5 73. Ra4 Bd8 74. Bxa7 Rb2+ 75. Kd3 Rb3+ 76. Kc2 Rg3 77. Bb8 Rg2+ 78. Kd1 Bb6 79. a7 Bxa7 80. Bxa7 Ke5 81. Ke1 Kd5 82. Kf1 Rc2 83. Bf2 Rd2 84. Kg2 Rc2 85. Kf3 Rc3+ 86. Be3 Rb3 87. Ra6 Ke5 88. Re6+ Kd5 89. Rxf6 1-0

[Event "NATO-ch 29th"]
[Site "Lubbock"]
[Date "2018.06.06"]
[Round "4"]
[White "Cirkvencic, Franci"]
[Black "Kedzierski, Slawomir"]
[Result "0-1"]
[WhiteElo "2026"]
[BlackElo "2146"]
[PlyCount "88"]
[EventDate "2018.06.04"]
[EventType "swiss"]
[EventRounds "7"]
[EventCountry "USA"]
[SourceTitle "EXT 2019"]
[Source "ChessBase"]
[SourceDate "2018.10.10"]
[SourceVersion "1"]
[SourceVersionDate "2018.10.10"]
[SourceQuality "1"]

1. d4 Nf6 2. Nf3 e6 3. Bg5 d5 4. e3 Be7 5. Nbd2 0-0 6. Bd3 c5 7. c3 Qb6 8. Qb1 h6 9. Bh4 Bd7 10. a4 Nc6 11. Ne5 Rfd8 12. Ndf3 Rac8 13. 0-0 Be8 14. h3 a6 15. g4 cxd4 16. exd4 Qc7 17. Qe1 Na5 18. Bg3 Bd6 19. Nd2 b5 20. axb5 Bxb5 21. Bxb5 axb5 22. Nd3 Bxg3 23. fxg3 Nc4 24. Nxc4 bxc4 25. Ne5 Rb8 26. Rf2 Rf8 27. Qe3 Ne4 28. Rg2 Ra8 29. Re1 Ra2 30. h4 Rb8 31. Ree2 Ra1+ 32. Kh2 Rb1 33. Qf4 Ra8 34. g5 Raa1 35. Kh3 h5 36. Rxe4 dxe4 37. Qxe4 Rh1+ 38. Rh2 Rxh2+ 39. Kxh2 Qb8 40. Nxc4 Qb5 41. Qe2 Ra4 42. b4 Qa6 43. Kh3 Ra2 44. b5 Qa8 0-1

[Event "NATO-ch 28th"]
[Site "Budapest"]
[Date "2017.03.30"]
[Round "5"]
[White "Cheung, Jan W"]
[Black "Kedzierski, Slawomir"]
[Result "1-0"]
[WhiteElo "2045"]
[BlackElo "2148"]
[PlyCount "85"]
[EventDate "2017.03.27"]
[EventType "swiss"]
[EventRounds "7"]
[EventCountry "HUN"]
[SourceTitle "CBM 177 Extra"]
[Source "ChessBase"]
[SourceDate "2017.04.27"]
[SourceVersion "1"]
[SourceVersionDate "2017.04.27"]
[SourceQuality "1"]

1. d4 Nf6 2. c4 e6 3. Nf3 Bb4+ 4. Bd2 Be7 5. Nc3 d5 6. Bf4 0-0 7. e3 c6 8. h3 Nbd7 9. Bd3 dxc4 10. Bxc4 b5 11. Bd3 Bb7 12. 0-0 a6 13. e4 b4 14. Na4 c5 15. e5 Nd5 16. Bg3 Rc8 17. Nxc5 Nxc5 18. dxc5 Bxc5 19. Qe2 a5 20. Qe4 g6 21. Qe2 Qb6 22. Rad1 Rfd8 23. Ng5 Rc7 24. Ne4 Be7 25. Nd6 Bc6 26. Rc1 Bg5 27. Rc4 Bd7 28. Rxc7 Qxc7 29. Qg4 Be7 30. h4 h5 31. Qe4 Bxd6 32. exd6 Qc5 33. Qe2 Rc8 34. Rd1 a4 35. Be5 a3 36. Qd2 Kh7 37. Qg5 f5 38. g4 axb2 39. gxh5 Rg8 40. Kf1 Be8 41. d7 Bf7 42. hxg6+ Bxg6 43. d8Q 1-0

[Event "NATO-ch 27th"]
[Site "Shrivenham"]
[Date "2016.08.25"]
[Round "5"]
[White "Picart, Laurent"]
[Black "Kedzierski, Slawomir"]
[Result "1/2-1/2"]
[WhiteElo "2084"]
[BlackElo "2034"]
[PlyCount "95"]
[EventDate "2016.08.22"]
[EventType "swiss"]
[EventRounds "7"]
[EventCountry "ENG"]
[SourceTitle "EXT 2018"]
[Source "ChessBase"]
[SourceDate "2017.10.13"]
[SourceVersion "1"]
[SourceVersionDate "2017.10.13"]
[SourceQuality "1"]

1. d4 Nf6 2. Nf3 e6 3. c4 d5 4. Nc3 c6 5. e3 Nbd7 6. Qc2 Bd6 7. Bd3 0-0 8. 0-0 dxc4 9. Bxc4 b5 10. Bd3 Bb7 11. e4 e5 12. dxe5 Nxe5 13. Nxe5 Bxe5 14. h3 Re8 15. f4 Bd4+ 16. Kh2 h6 17. Bd2 a6 18. Rae1 c5 19. b3 Rc8 20. e5 Nd5 21. Nxd5 Bxd5 22. Be3 Bxe3 23. Rxe3 c4 24. bxc4 Bxc4 25. Bxc4 Rxc4 26. Qe2 Qc8 27. Qh5 Rc3 28. Rff3 b4 29. f5 Qc7 30. f6 Rxe3 31. Rxe3 Qc5 32. Re4 Qd5 33. Qg4 g6 34. Qf4 Kh7 35. h4 h5 36. g4 hxg4 37. h5 Rc8 38. hxg6+ fxg6 39. Qxg4 Rc2+ 40. Kg1 Rc1+ 41. Kh2 Rc2+ 42. Kg3 Rc3+ 43. Kf2 Rc2+ 44. Re2 Qc5+ 45. Kg2 Qd5+ 46. Kf2 Qc5+ 47. Kg2 Qd5+ 48. Kf2 1/2-1/2

[Event "NATO-ch 27th"]
[Site "Shrivenham"]
[Date "2016.08.22"]
[Round "1"]
[White "Kedzierski, Slawomir"]
[Black "Simard, Martin"]
[Result "1-0"]
[WhiteElo "2034"]
[BlackElo "1569"]
[PlyCount "59"]
[EventDate "2016.08.22"]
[EventType "swiss"]
[EventRounds "7"]
[EventCountry "ENG"]
[SourceTitle "EXT 2018"]
[Source "ChessBase"]
[SourceDate "2017.10.13"]
[SourceVersion "1"]
[SourceVersionDate "2017.10.13"]
[SourceQuality "1"]

1. d4 d5 2. Nf3 Nf6 3. c4 c6 4. Nc3 dxc4 5. a4 e6 6. e3 Bb4 7. Bxc4 Nd5 8. Bd2 Nd7 9. 0-0 N7f6 10. Nxd5 Nxd5 11. Bxd5 Bxd2 12. Bxc6+ bxc6 13. Qxd2 0-0 14. Rfc1 Bb7 15. Ne5 Rc8 16. Rc5 f6 17. Nc4 Ba8 18. Rc1 Rf7 19. b4 Rfc7 20. Qc3 Qd7 21. Na5 a6 22. h3 Kf7 23. Qd3 Rb8 24. b5 axb5 25. axb5 Rb6 26. bxc6 Qc8 27. Qxh7 Ra6 28. Qc2 Rxa5 29. Rxa5 Rxc6 30. Rc5 1-0

[Event "Mazowiec-chT 1516"]
[Site "Poland"]
[Date "2016.01.24"]
[Round "4.12"]
[White "Kedzierski, Slawomir"]
[Black "Kowalski, Igor"]
[Result "0-1"]
[WhiteElo "2052"]
[BlackElo "2198"]
[PlyCount "108"]
[EventDate "2015.12.13"]
[EventType "team-tourn"]
[EventRounds "7"]
[EventCountry "POL"]
[SourceTitle "EXT 2019"]
[Source "ChessBase"]
[SourceDate "2018.10.10"]
[SourceVersion "1"]
[SourceVersionDate "2018.10.10"]
[SourceQuality "1"]
[WhiteTeam "Warszawa Hetman"]
[BlackTeam "Warszawa Polonia"]
[WhiteTeamCountry "POL"]
[BlackTeamCountry "POL"]

1. d4 Nf6 2. Nf3 e6 3. c4 b6 4. g3 Bb7 5. Bg2 Be7 6. 0-0 0-0 7. Nc3 Ne4 8. Qc2 f5 9. b3 Nxc3 10. Qxc3 d6 11. Bb2 Bf6 12. Qd2 Nd7 13. Ne1 Bxg2 14. Nxg2 Qe7 15. Rad1 Bg5 16. f4 Bh6 17. Qc2 Nf6 18. Ne1 g6 19. Nd3 c5 20. e3 Rac8 21. Qe2 Rfe8 22. Nf2 cxd4 23. exd4 d5 24. Rfe1 Ne4 25. Nxe4 fxe4 26. Rc1 Bg7 27. Rc2 Rc7 28. Kg2 Rec8 29. Rec1 Bf6 30. h4 Qg7 31. Rd1 a5 32. Qg4 Kf7 33. Qe2 h5 34. Rcc1 Qf8 35. Rc2 Kg7 36. Rdc1 a4 37. cxd5 Rxc2 38. Rxc2 axb3 39. axb3 exd5 40. Qd2 Qe8 41. Qc1 Rxc2+ 42. Qxc2 Qe6 43. Ba3 Bxd4 44. Qc7+ Qf7 45. Qd6 Kh6 46. Qd8 Kh7 47. Qd6 e3 48. Kf3 Qe8 49. Ke2 Qb5+ 50. Ke1 Bc3+ 51. Kd1 Qd3+ 52. Kc1 Qd2+ 53. Kb1 Qd1+ 54. Bc1 Qxb3+ 0-1

[Event "NATO-ch 26th"]
[Site "Amsterdam"]
[Date "2015.07.08"]
[Round "4.15"]
[White "Lazar, Ales Sr"]
[Black "Kedzierski, Slawomir"]
[Result "1/2-1/2"]
[WhiteElo "2140"]
[BlackElo "2031"]
[PlyCount "98"]
[EventDate "2015.07.06"]
[EventType "swiss"]
[EventRounds "7"]
[EventCountry "NED"]
[SourceTitle "EXT 2016"]
[Source "ChessBase"]
[SourceDate "2015.10.08"]
[SourceVersion "1"]
[SourceVersionDate "2015.10.08"]
[SourceQuality "1"]
[WhiteTeam "Slovenia"]
[BlackTeam "NATO II"]
[WhiteTeamCountry "SLO"]

1. e4 c6 2. d4 d5 3. Nc3 dxe4 4. Nxe4 Bf5 5. Ng3 Bg6 6. Nf3 Nd7 7. Bd3 e6 8. 0-0 Ngf6 9. c4 Bd6 10. b3 0-0 11. Bxg6 hxg6 12. Bb2 Qc7 13. Qc2 Rfe8 14. Rfe1 Rad8 15. Rad1 Bf8 16. h3 c5 17. Ne4 Nxe4 18. Qxe4 a6 19. a4 Be7 20. d5 Bf6 21. Qc2 Bxb2 22. Qxb2 exd5 23. Rxe8+ Rxe8 24. Rxd5 Nf6 25. Rd1 Qf4 26. Qd2 Qxd2 27. Rxd2 Kf8 28. Kf1 Re6 29. Ng5 Re7 30. Rd8+ Re8 31. Rxe8+ Kxe8 32. Ke2 Ke7 33. Ke3 Nd7 34. Ke4 f6 35. Nf3 Ke6 36. g4 g5 37. h4 gxh4 38. Nxh4 Ne5 39. Nf5 g6 40. Ne3 g5 41. f3 Nc6 42. Nf1 Na5 43. Nd2 b6 44. f4 gxf4 45. Kxf4 Nc6 46. Nf3 Na5 47. Nd2 Nc6 48. Nf3 Na5 49. Nd2 Nc6 1/2-1/2

[Event "Mazowiec-chT 1415"]
[Site "Warsaw"]
[Date "2015.03.01"]
[Round "6.7"]
[White "Czapla, Andrzej"]
[Black "Kedzierski, Slawomir"]
[Result "1-0"]
[WhiteElo "1891"]
[BlackElo "2023"]
[PlyCount "155"]
[EventDate "2015.01.11"]
[EventType "team-tourn"]
[EventRounds "7"]
[EventCountry "POL"]
[SourceTitle "EXT 2019"]
[Source "ChessBase"]
[SourceDate "2018.10.10"]
[SourceVersion "1"]
[SourceVersionDate "2018.10.10"]
[SourceQuality "1"]

1. Nf3 Nf6 2. c4 e6 3. g3 d5 4. Bg2 Be7 5. 0-0 0-0 6. d4 Nbd7 7. b3 b6 8. Nc3 Bb7 9. Bb2 c5 10. cxd5 Nxd5 11. Nxd5 Bxd5 12. dxc5 Nxc5 13. Rc1 Rc8 14. Ne5 Bxg2 15. Kxg2 Qc7 16. Rc2 f6 17. Nf3 Qb7 18. Qc1 Ne4 19. Rd1 e5 20. Kg1 Bc5 21. Rf1 Qc6 22. Ne1 a5 23. Ba3 Bxa3 24. Qxa3 Nc3 25. Nd3 Qe4 26. Re1 Rfd8 27. Qe7 Re8 28. Qa7 Qc6 29. Qa6 e4 30. Nb2 Qb5 31. Qxb5 Nxb5 32. Rec1 Rcd8 33. e3 Na3 34. Rc6 Rd2 35. Nc4 Rxa2 36. Nxa3 Rxa3 37. Rxb6 Re7 38. Rc4 f5 39. Rb5 g6 40. Ra4 Rxa4 41. bxa4 Ra7 42. g4 fxg4 43. Kg2 Kf7 44. Kg3 Kf6 45. Kxg4 Rc7 46. Rxa5 Rc2 47. Kg3 h5 48. h4 Ra2 49. Ra6+ Kf5 50. Ra8 Ra1 51. Ra5+ Kf6 52. Kf4 Rg1 53. Ra6+ Kg7 54. Kxe4 Rg4+ 55. f4 Rxh4 56. Ke5 Rh3 57. e4 Rf3 58. f5 gxf5 59. exf5 Re3+ 60. Kf4 Rb3 61. Kg5 Rf3 62. f6+ Kf7 63. Ra7+ Ke6 64. Re7+ Kd6 65. Re4 h4 66. Rf4 Rg3+ 67. Kxh4 Rg8 68. f7 Rf8 69. Kg5 Ke5 70. Rf5+ Ke6 71. Rf6+ Ke7 72. Kg6 Ra8 73. f8Q+ Rxf8 74. Rxf8 Kxf8 75. a5 Ke7 76. a6 Kd7 77. a7 Kc7 78. a8Q 1-0

[Event "Mazowiec-chT 1415"]
[Site "Warsaw"]
[Date "2015.02.15"]
[Round "4.7"]
[White "Jaskowski, Piotr"]
[Black "Kedzierski, Slawomir"]
[Result "1-0"]
[WhiteElo "1842"]
[BlackElo "2023"]
[PlyCount "93"]
[EventDate "2015.01.11"]
[EventType "team-tourn"]
[EventRounds "7"]
[EventCountry "POL"]
[SourceTitle "EXT 2019"]
[Source "ChessBase"]
[SourceDate "2018.10.10"]
[SourceVersion "1"]
[SourceVersionDate "2018.10.10"]
[SourceQuality "1"]

1. e4 c5 2. Nc3 Nc6 3. g3 Nf6 4. Bg2 d6 5. d3 g6 6. h3 Bg7 7. Be3 0-0 8. Qd2 Nd4 9. Nge2 e5 10. f4 Rb8 11. 0-0 b5 12. g4 b4 13. Nd1 Nxe2+ 14. Qxe2 exf4 15. Bxf4 Ne8 16. c4 bxc3 17. bxc3 Nc7 18. Qd2 Ba6 19. Ne3 Ne6 20. Bg3 Be5 21. Rf3 Ng5 22. Rf4 Qa5 23. Nd5 Kg7 24. h4 Ne6 25. Rf3 f6 26. Bxe5 fxe5 27. Raf1 Bb7 28. Nf6 Bc6 29. g5 Nf4 30. Kh2 Qc7 31. d4 Qe7 32. d5 Bb5 33. R1f2 Rb7 34. Bh3 Bc4 35. Bf1 Bxf1 36. Rxf1 Rfb8 37. R3f2 c4 38. Ng4 Qd7 39. Kg3 Rf8 40. Qd1 Rbb8 41. Kh2 a5 42. Rxf4 exf4 43. Qd4+ Kf7 44. Rxf4+ Ke7 45. Qg7+ Kd8 46. Rxf8+ Kc7 47. Qxd7+ 1-0

[Event "NATO-ch 25th"]
[Site "Quebec"]
[Date "2014.09.11"]
[Round "5"]
[White "Kedzierski, Slawomir"]
[Black "Keough, Robert W"]
[Result "0-1"]
[WhiteElo "2023"]
[BlackElo "2069"]
[PlyCount "67"]
[EventDate "2014.09.08"]
[EventType "team-swiss"]
[EventRounds "7"]
[EventCountry "CAN"]
[SourceTitle "EXT 2015"]
[Source "ChessBase"]
[SourceDate "2014.11.20"]
[SourceVersion "1"]
[SourceVersionDate "2014.11.20"]
[SourceQuality "1"]
[WhiteTeam "NATO"]
[BlackTeam "United States"]
[BlackTeamCountry "USA"]

1. d4 Nf6 2. Nf3 g6 3. g3 Bg7 4. Bg2 0-0 5. 0-0 d6 6. c4 Nfd7 7. Nc3 Nc6 8. e4 e5 9. d5 Ne7 10. b4 a5 11. Ba3 axb4 12. Bxb4 Nc5 13. a4 Na6 14. Ba3 f5 15. exf5 Bxf5 16. Nd2 Bd3 17. Re1 Nf5 18. Nce4 Nd4 19. Rc1 b6 20. Rc3 Bxe4 21. Bxe4 Qd7 22. h4 Bh6 23. Nf1 Nb8 24. h5 Qf7 25. f4 Nd7 26. hxg6 hxg6 27. Nh2 exf4 28. Qxd4 fxg3 29. Ng4 Bg7 30. Qd2 Bxc3 31. Qxc3 Qf4 32. Bb2 Ne5 33. Kg2 Qxg4 34. Qxg3 0-1

[Event "Mazowiec-chT 1314"]
[Site "Poland"]
[Date "2014.01.19"]
[Round "4.12"]
[White "Ponikowski, Przemyslaw"]
[Black "Kedzierski, Slawomir"]
[Result "0-1"]
[WhiteElo "2028"]
[BlackElo "2097"]
[PlyCount "74"]
[EventDate "2014.01.12"]
[EventType "team-tourn"]
[EventRounds "10"]
[EventCountry "POL"]
[SourceTitle "EXT 2019"]
[Source "ChessBase"]
[SourceDate "2018.10.10"]
[SourceVersion "1"]
[SourceVersionDate "2018.10.10"]
[SourceQuality "1"]

1. Nf3 d5 2. d4 Nf6 3. c4 e6 4. Nc3 Be7 5. Bg5 0-0 6. e3 Ne4 7. Bxe7 Qxe7 8. Nxe4 dxe4 9. Nd2 f5 10. Qb3 c5 11. 0-0-0 Nc6 12. d5 Ne5 13. f3 exf3 14. gxf3 b6 15. Qc3 Nf7 16. e4 e5 17. exf5 Bxf5 18. Bd3 Nd6 19. Rde1 Rae8 20. Re2 Qh4 21. Rhe1 Qf4 22. Bc2 Bxc2 23. Kxc2 Nf5 24. Nb3 a5 25. a4 Rf6 26. Kb1 h6 27. h3 Nd6 28. Nd2 Nf7 29. Ka2 Qh4 30. Re4 Qxh3 31. f4 Qxc3 32. bxc3 Kf8 33. Kb2 Rxf4 34. Kc2 Rf2 35. Kd3 Nd6 36. Rxe5 Rxe5 37. Rxe5 Rxd2+ 0-1